Представление документа в формате RUSMARC

ПолеНазваниеЗначение
  Тип записи a
  Библиографический уровень a
001 Контрольный номер RU/УОНБ/EK_KRAY/320895202
005 Дата корректировки 20240214152017.6
100 Данные общей обработки __
a Данные общей обработки 20030316d2003 u u0rusy0103 ba
101 Язык документа 0_
a Язык текста rus
200 Заглавие и сведения об ответственности 1_
a Заглавие Распоряжение Правительства Рос. Федерации
e Сведения, относящиеся к заглавию от 10 февр. 2003 г.
210 Выходные данные 1_
d Дата издания 2003
330 Аннотация __
a Аннотация Дополнения, которые вносятся в перечень открытых АО, находящиеся в федер. собственности акции которых планируется приватизировать в 2003 г. В том числе - Ульян. з-д тяжелых и уникальных станков; Ульян. пром.-торг. кож.-обувное об-ние; Трансконтейнер; Ульян. реч. порт; Ульян. ГАТП N 5; НПП "Ульян. радиоламповый з-д"; Ульяновскхлебопродукт; Автострой.
461 Уровень набора _0
1 2001
a Собрание законодательства Российской Федерации
463 Уровень физической единицы _0
1 2000
a N 7.
v С. 1849-1896.
1 210
d 2003
610 Ключевые слова 0_
a Ключевые слова распоряжения
610 Ключевые слова 0_
a Ключевые слова приватизация
610 Ключевые слова 0_
a Ключевые слова акционерные общества
686 Индексы других классификаций __
a Классификационный индекс 0Б(2)
2 Код системы rubbk
801 Источник записи _0
a Страна RU
b Организация Ульяновская ОНБ
c Дата составления 20030316
g Правила каталогизации PSBO
801 Источник записи _1
a Страна RU
b Организация Ульяновская ОНБ
c Дата составления 20030316
901 Тип документа __
t Тип документа b
909 Создатель записи __
a Создатель записи
938 Служебная информация __
a Имя БД kraeved_work
b Имя библиотеки УОНБ
c Имя АИБС МАРК-SQL
d Номер DOC_ID в БД 39152